Geografía de España. Primer curso de bachillerato. Plan 1957
Gespeichert in:
| Körperschaft: | |
|---|---|
| Format: | keine Angabe |
| Sprache: | Spanisch |
| Erschienen: |
Madrid
Bruño
DL1966
|
| Katalog: | MANES: Suchergebnis im Bibliothekskatalog |
| Schulbuchspezifische Eigenschaften: |
|
| Tags: |
Tag hinzufügen
Keine Tags, Fügen Sie den ersten Tag hinzu!
|
| Hinzugefügt zu: | 26.04.2016 |
| Geändert in: | 27.11.2025 |
MARC
| LEADER | 000000000a22000000004500 | ||
|---|---|---|---|
| 001 | 00829 | ||
| 003 | OSt | ||
| 005 | 20251127121549.0 | ||
| 008 | 160427s sp ||||| |||| 00| 0 spa d | ||
| 040 | |c centro_manes |d Aula Museo de la Universidad de Oviedo | ||
| 041 | 1 | |a spa | |
| 110 | |a Ediciones Bruño |9 44771 | ||
| 245 | 0 | 0 | |a Geografía de España. Primer curso de bachillerato. Plan 1957 |
| 260 | 3 | |a Madrid |b Bruño |c DL1966 | |
| 300 | |a 296 p. |c 21x15 cm |e Programa de Geografía de España | ||
| 500 | |a Fecha de publicación tomada del Depósito Legal |a Cartulina. Ilustraciones. En portada: “Texto aprobado por el M.E.N. O.M. del 21-6-1963”. En cubierta posterior: “Precio: 60,- ptas.”Lleva el programa de Geografía de España con Depósito Legal: M. 12.116-1966. | ||
| 546 | |a España | ||
| 690 | 7 | |a GEO | |
| 691 | 0 | |a SE | |
| 942 | |2 ddc |c BK | ||
| 999 | |c 6803 |d 6803 | ||
| 999 | |c manes:6803 |d 6803 | ||